LEADER 01067nam a22002651i 4500 001 991002602359707536 005 20030728164420.0 008 030925s1987 it |||||||||||||||||ita 035 $ab12312083-39ule_inst 035 $aARCHE-035962$9ExL 040 $aBiblioteca Interfacoltà$bita$cA.t.i. Arché s.c.r.l. Pandora Sicilia s.r.l. 082 04$a870 245 00$aAnalysis I :$bdidascalica /$ca cura di Teresa Mantero 260 $a[Genova] :$bDipartimento di archeologia, filologia classica e loro tradizioni,$c1987 300 $a134 p. ;$c22 cm 440 0$aPubblicazioni del D.AR.FI.CL.ET.$nNuova serie ;$v104 650 4$aLetteratura latina 700 1 $aMantero, Teresa 710 2 $aUniversità degli Studi :$bFacoltà di lettere e filosofia 907 $a.b12312083$b02-04-14$c08-10-03 912 $a991002602359707536 945 $aLE002 Ann. 244/104$g1$i2002000185136$lle002$o-$pE0.00$q-$rl$s- $t0$u0$v0$w0$x0$y.i12708999$z08-10-03 996 $aAnalysis I$9162129 997 $aUNISALENTO 998 $ale002$b08-10-03$cm$da $e-$fita$git $h0$i1